000 00535nam a2200157Ia 4500
008 231217s9999 xx 000 0 und d
041 _aEnglish
082 _a510.02462 CHAN.1;1 `R'
100 _aChandrashekar, K S
245 0 _aEngineering mathematics Pt.1: For first sem B E classes (VTU syllabus) (Sudhas student friendly text book series) new syllabus + supplement
250 _a2nd ed.
260 _c2002
_bSudha Publ.
300 _a587
400 _a(Sudhas student friendly text book series) new syllabus
942 _cAA
999 _c169010
_d169010